Logo BPK

Biblioteka

Politechniki Koszalińskiej

Rocznik Statystyczny Gospodarki Morskiej 2004 = (Rekord nr 35460)

Szczegóły MARC
000 -ETYKIETA REKORDU
podpole kontrolne o stałej długości 00833nam a2200217 i 4500
001 - NUMER KONTROLNY REKORDU
pole kontrolne bg
040 ## - ŹRÓDŁO KATALOGOWANIA
Instytucja, która utworzyła rekord BPK
041 w# - KOD JĘZYKA
Kod języka tekstu poleng
080 ## - UNIWERSALNA KLASYFIKACJA DZIESIĘTNA - UKD
UKD 338.4(438)(083.41)
008 - POLE O STAŁEJ DŁUGOŚCI - DANE KONTROLNE
podpole kontrolne o stałej długości s pl f |000 0 pol
245 00 - TYTUŁ/ODPOWIEDZIALNOŚĆ
Tytuł Rocznik Statystyczny Gospodarki Morskiej 2004 =
Ciąg dalszy tytułu Statistical yearbook of martime economy /
Pozostałe elementy strefy tytułu i oznaczenia odpowiedzialności [zespół pod kier. Anny Pazdan] ; Główny Urząd Statystyczny, Urząd Statystyczny w Szczecinie.
260 ## - STREFA ADRESU WYDAWNICZEGO
Miejsce wydania Warszawa ;
-- Szczecin :
Nazwa wydawcy/dystrybutora Zakład Wydawnictw Statystycznych,
Data publikacji, dystrybucji/powstania dokumentu 2004.
490 1# - STREFA SERII I DOKUMENTU WIELOCZĘŚCIOWEGO - FORMA NIE DO WYSZUKIWANIA
Tytuł i oznaczenie odpowiedzialności serii Roczniki Branżowe,
ISSN 0079-2667
500 ## - UWAGI OGÓLNE
Tekst uwagi Tekst. równol. pol., ang.
650 #9 - HASŁO PRZEDMIOTOWE W FORMIE NAZWY OGÓLNEJ LUB JEDNOSTKOWEJ
Nazwa ogólna lub geograficzna Gospodarka morska
Określnik geograficzny Polska
Określnik chronologiczny stan na 2004 r.
700 1# - HASŁO DODATKOWE - NAZWA OSOBOWA
Nazwa osobowa PAZDAN, Anna.
Określenie związku między hasłem a opisywanym materiałem Red.
710 0# - HASŁO DODATKOWE - NAZWA CIAŁA ZBIOROWEGO
Nazwa ciała zbiorowego lub jednostki geograficznej Główny Urząd Statystyczny
710 0# - HASŁO DODATKOWE - NAZWA CIAŁA ZBIOROWEGO
Nazwa ciała zbiorowego lub jednostki geograficznej Urząd Statystyczny (Szczecin)
830 ## - HASŁO DODATKOWE SERII LUB DOKUMENTU WIELOCZĘŚCIOWEGO - TYTUŁ UJEDNOLICONY
Tytuł ujednolicony Roczniki Branżowe,
-- 0079-2667
856 ## - LOKALIZACJA I DOSTĘP DO ELEKTRONICZNYCH DOKUMENTÓW ZDALNYCH
Link (URL) http://koha.tu.koszalin.pl/cgi-bin/koha/opac-detail.pl?biblionumber=35460
Tekst linku Katalog online BPK
942 ## - DODATKOWE ELEMENTY (KOHA)
Typ dokumentu Książka
Egzemplarze
Wycofany Status egzemplarza Uszkodzony Dostępność Lokalizacja stała Lokalizacja bieżąca Miejsce przechowywania Sygnatura Kod kreskowy Dział Typ dokumentu
      Tylko na miejscu Biblioteka Politechniki Koszalińskiej Biblioteka Politechniki Koszalińskiej Czytelnia BG S 181 02274966 338.4 Ekonomiki szczegółowe Książka
© 2023 Biblioteka Politechniki Koszalińskiej :: KOHA